000 00694nam a2200265Ia 4500
005 20260121170058.0
008 008 260114s9999 xx 000 0 eng d
020 _a9783319482286
037 _aEBOOK
040 _aCRL
040 _beng
040 _cCRL
041 _2eng
041 _aeng
084 _qCRL
100 _aJohn Grandfield, Dmitry Eskin
_91059560
245 0 _aEssential Readings in Light Metals, Volume 3, Cast Shop for Aluminum Production
260 _bSpringer
260 _bSpringer
260 _c2016
856 _uhttps://link.springer.com/openurl?genre=book&isbn=978-3-319-48228-6
942 _cEBOOK
999 _c1625289
_d1625289